1137 1868 1162 1060 1317 1669 1054 1626 1464 1168 1227 1973 1277 1427 1688 1285 1550 1436 1643 1463 1592 1853 1138 1532 1074 1425 1300 1880 1782 1323 1710 1295 1761 1973 1229 1364 1567 1468 1695 1306 1700 1070 1129 1578 1257 1381 1509 1227 1408 1673 1636 1458 1253 1908 1927 1716 1945 1627 1738 1985 1105 1963 1041 1884 1390 1086 1594 1227 1471 1795 1348 1025 1298 1367 1857 1030 1717 1577 1182 1207 1017 1597 1838 1459 1959 1708 1765 1600 1384 1097 1318 1204 1119 1793 1242 1874 1294 1872 1294 BCNSPRNW ULIB Ver.6.0+V

เปลี่ยนเป็นภาษาไทย

Change to English
 แสดงรายละเอียดบรรณานุกรม
  กลับหน้าหลัก

Brief Record : Get Marc (ISO 2709) : E-mail record : QR code < ปิดหน้าต่าง
LEADER : 00000nam 2200000uu 4500
001    13399121632
003     ULIB
008    121128s2550||||th 000 0 tha d
020    ^a9749507088 (ล.2)
020    ^a9789749507087
060  4 ^aWS13^bม546ส ล.2
100 1  ^aมัตสุดะ, มิซิโอะ
245 10 ^aสารานุกรมการเลี้ยงดูเด็ก =^bIkuji no hyakka /^cMichio Matsusa ; แปลและเรียบเรียง, พรอนงค์ นิยมค้า
246 31 ^aIkuji no hyakka
250    ^aพิมพ์ครั้งที่ 22
260    ^aกรุงเทพฯ :^bหมอชาวบ้าน,^c2550
300    ^a เล่ม :^bภาพประกอบ ;^c22 ซม.
650  7 ^aเด็ก, การดูแล
650  7 ^aเด็ก, การเลี้ยง
650  7 ^aทารก, การดูแล
700 0  ^aพรอนงค์ นิยมค้า,^eผู้แปล
945    ^p160^l0^i14995
995    ^aวิภา
999 ^a ใช้งานได้ทุกระบบ
รายการนี้ยังไม่มีแท็ก
คุณยังไม่ได้ล็อกอิน คุณสามารถมีกิจกรรมร่วมกับเว็บไซต์ได้ แต่ต้องล็อกอินก่อน ::
  ล็อกอิน

รายการสื่อสารสนเทศ

ลำดับที่ ประเภท เลขเรียก/บาร์โค้ด สถานที่ สถานะ
1. วิทยาศาสตร์การแพทย์ และสุขภาพ
วิทยาศาสตร์การแพทย์ และสุขภาพ
WS13 ม546ส ล.2  
  Barcode: 14995
ห้องสมุดวิทยาเขตสวรรค์ประชารักษ์
►ส่วนจัดเก็บหนังสือเก่า สปร
บนชั้น
  ขอยืม

รายการใกล้เคียง
    ผู้แต่ง [มัตสุดะ, มิซิโอะ]

    หัวเรื่อง [เด็ก, การดูแล]
    หัวเรื่อง [เด็ก, การเลี้ยง]
    หัวเรื่อง [ทารก, การดูแล]

BibComment


ยังไม่เคยถูกคอมเมนท์

คอมเมนท์ทรัพยากรรายการนี้
  คอมเมนท์: สารานุกรมการเลี้..


 Copyright 2026. Bcnsprnw @Library